Morocco : 2018 Request for an Arrangement Under the Precautionary and Liquidity Line-Press Release; Staff Report; and Statement by the Executive Director for Morocco.

Following the expiration of the third Precautionary and Liquidity Line (PLL) arrangement, in July 2018, the authorities have requested a new PLL arrangement. They did not draw on the last three arrangements and have made further progress in reducing domestic vulnerabilities in recent years, despite...

وصف كامل

التفاصيل البيبلوغرافية
مؤلف مشترك: International Monetary Fund. Middle East and Central Asia Dept
التنسيق: دورية
اللغة:English
منشور في: Washington, D.C. : International Monetary Fund, 2019.
سلاسل:IMF Staff Country Reports; Country Report ; No. 2019/024
الوصول للمادة أونلاين:Full text available on IMF
LEADER 01746cas a2200241 a 4500
001 AALejournalIMF019028
008 230101c9999 xx r poo 0 0eng d
020 |c 5.00 USD 
020 |z 9781484396001 
022 |a 1934-7685 
040 |a BD-DhAAL  |c BD-DhAAL 
110 2 |a International Monetary Fund.  |b Middle East and Central Asia Dept. 
245 1 0 |a Morocco :   |b 2018 Request for an Arrangement Under the Precautionary and Liquidity Line-Press Release; Staff Report; and Statement by the Executive Director for Morocco. 
264 1 |a Washington, D.C. :  |b International Monetary Fund,  |c 2019. 
300 |a 1 online resource (68 pages) 
490 1 |a IMF Staff Country Reports 
500 |a <strong>Off-Campus Access:</strong> No User ID or Password Required 
500 |a <strong>On-Campus Access:</strong> No User ID or Password Required 
506 |a Electronic access restricted to authorized BRAC University faculty, staff and students 
520 3 |a Following the expiration of the third Precautionary and Liquidity Line (PLL) arrangement, in July 2018, the authorities have requested a new PLL arrangement. They did not draw on the last three arrangements and have made further progress in reducing domestic vulnerabilities in recent years, despite a sharp pick up in oil prices. In an external environment that remains subject to important downside risks, a successor arrangement will support the authorities' policies to strengthen the economy's resilience and promote higher and more inclusive growth. 
538 |a Mode of access: Internet 
830 0 |a IMF Staff Country Reports; Country Report ;  |v No. 2019/024 
856 4 0 |z Full text available on IMF  |u http://elibrary.imf.org/view/journals/002/2019/024/002.2019.issue-024-en.xml  |z IMF e-Library